banner koha

Por que os homens se casam com mulheres poderosas / (Registro n. 9478)

MARC details
000 -LÍDER
Campo de controle fixo 00917nam a2200301 4500
001 - NÚMERO DE CONTROLE
Número de controle BS2023000123
003 - CÓDIGO MARC DA AGÊNCIA CATALOGADORA
Campo de controle BR-BrBNA
005 - DATA E HORA DA ÚLTIMA ATUALIZAÇÃO
Campo de controle 20230629141423.0
008 - CAMPO DE TAMANHO FIXO
Campo fixo de controle 230627b2010 bl.||||| |||| 00| 0 por d
020 ## - ISBN - INTERNATIONAL STANDARD BOOK NUMBER
ISBN 978-85-7684-477-8
040 ## - FONTE DA CATALOGAÇÃO
Agência catalogadora BR-BrBNA
Idioma da catalogação por.
041 ## - CÓDIGO DO IDIOMA
Código do Idioma por.
072 ## - CATEGORIA DE CLASSIFICAÇÃO
Código da categoria de assunto E11
100 ## - ENTRADA PRINCIPAL - NOME PESSOAL
Código de relação aut.
Nome pessoal Argov, Sherry
100 ## - ENTRADA PRINCIPAL - NOME PESSOAL
Código de relação Trad.
Nome pessoal Ban, Ana
100 ## - ENTRADA PRINCIPAL - NOME PESSOAL
Código de relação Trad.
Nome pessoal Azeredo, Patrícia
245 ## - TÍTULO PRINCIPAL
Título principal Por que os homens se casam com mulheres poderosas /
Indicação de responsabilidade Sherry Argov; Ana Ban; Patrícia Azeredo.
250 ## - EDIÇÃO
Edição 13. ed.
260 ## - IMPRENTA (PUBLICAÇÃO, DISTRIBUIÇÃO, ETC.)
Lugar de publicação, distribuição, etc. Rio de Janeiro - RJ :
Nome do editor, distribuidor, etc. BestSeller,
Data de publicação, distribuição, etc 2010
300 ## - DESCRIÇÃO FÍSICA
Extensão 271 p.
500 ## - NOTA GERAL
Notas gerais Título original norte-americano: Why men marry bitches: a woman's guide to winning her' man's heart. <br/>
650 ## - ASSUNTO
Cabeçalho tópico ou nome geográfico AUTO-AJUDA
650 ## - ASSUNTO
Cabeçalho tópico ou nome geográfico AUTO-ESTIMA
650 ## - ASSUNTO
Cabeçalho tópico ou nome geográfico RELAÇÕES HOMEM-MULHER
909 ## - IDENTIFICAÇÃO DO CATALOGADOR
Ano e mês da catalogação (aaaamm) 202306
Identificação do catalogador Maria Neves
942 ## - TIPO ESPECÍFICO
Tipo de material Livros
Exemplares
Status de empréstimo Fonte de classificação Status de danificação Não pode ser emprestado Código da coleção Localização permanente Localização atual Total Checkouts Número de chamada Código de barras Date last seen Tipo de material Perdido Data de aquisição Fonte de aquisição Qualificador de localização codificada Preço Número de inventário Preço para reposição Preço efetivo a partir de
  Classificação AGRIS     Acervo Cultural Biblioteca Nacional de Agricultura - Binagri Biblioteca Nacional de Agricultura - Binagri   E11 BS2023000123 2023-435816 27/06/2023 Livros                

BINAGRI

Telefone: (61)3218-2567/2388/3357/2097 - binagri@agro.gov.br

Ministério da Agricultura e Pecuária , Esplanada dos Ministérios, Bloco D, Anexo B, Brasília/DF, CEP: 70.043-900